Presidenti più vincenti della storia della Juventus - Statistics

Statistiche generali
  • Questo quiz è stato fatto 62 volte
  • Il punteggio medio è 5 su 7
Statistiche sulle risposte
Nazione Periodo Totale trofei Trofei vinti Presidente % Corretto
Italia 2010 - 2023 19 9 Campionati italiani; 4 Coppe Italia; 9 Supercoppe Italiane Andrea Agnelli
100%
Italia 1956 - 1962 5 3 Campionati italiani; 2 Coppe Italia Umberto Agnelli
98%
Italia 1947 - 1954 2 2 Campionati italiani Giovanni Agnelli
96%
Italia 1923 - 1935 6 6 Campionati italianui Edoardo Agnelli
92%
Italia 1971 - 1990 16 9 Campionati italiani; 2 Coppe Italia; 1 Coppa dei Campioni; 1 Coppa UEFA; 1 Coppa delle Coppe; 1 Supercoppa UEFA; 1 Coppa Intercontinentale Giampiero Boniperti
67%
Italia 1990 - 2003 16 5 Campionati italiani; 2 Coppe Italia; 3 Supercoppe Italiane; 1 UEFA Champions League; 2 Coppe UEFA; 1 Coppa Intertoto UEFA; 1 Coppa Intercontinentale Vittorio Caissotti di Chiusano
18%
Italia 1962 - 1971 2 1 Campionato italiano; 1 Coppa Italia Vittore Catella
6%
Nessun quiz corrispondente trovato
Distribuzione punteggi
Percentuale di utenti per punteggio
Percentile per numero di risposta
I tuoi punteggi nel tempo
Non hai fatto questo quiz